| 000 | 01077nac a22002531u 4500 | ||
|---|---|---|---|
| 010 | _a 2001023388 | ||
| 020 | _a0471497312 (alk. paper) | ||
| 082 | 0 | 0 |
_a658.4 _bRIT |
| 090 |
_c5246 _d5246 |
||
| 100 | _aRitchie-Dunham, James | ||
| 245 | 1 | 0 |
_aManaging from clarity : _bidentifying, aligning, and leveraging strategic resources / _cJames L. Ritchie-Dunham and Hal T. Rabbino. |
| 260 |
_aChichester ; _aNew York : _bJ. Wiley, _cc2001. |
||
| 300 |
_axv, 230 p. ; _c24 cm. |
||
| 500 | _adistributer: Al-Ahram | ||
| 504 | _aIncludes bibliographical references (p. [220]-222) and index. | ||
| 511 | _acatalogued by: wessam | ||
| 650 | 0 | _aManagement. | |
| 650 | 0 | _aResource allocation. | |
| 700 | 1 | _aRabbino, Hal T. | |
| 856 | 4 | 2 |
_3Contributor biographical information _uhttp://www.loc.gov/catdir/bios/wiley043/2001023388.html |
| 856 | 4 | 2 |
_3Publisher description _uhttp://www.loc.gov/catdir/description/wiley036/2001023388.html |
| 856 | 4 | 2 |
_3Table of Contents _uhttp://www.loc.gov/catdir/toc/onix07/2001023388.html |
| 942 |
_cBB _k658.4RIT |
||
| 999 |
_c5246 _d5246 |
||